| 000 | 00922nam a2200289Ia 4500 | ||
|---|---|---|---|
| 001 | Para_8314 | ||
| 003 | CHAP | ||
| 008 | 220125s1917 xx 000 0 und d | ||
| 010 | _a207189 | ||
| 040 | _cCHAP | ||
| 082 | _aPA-C 595.752 A6 | ||
| 100 |
_aDavis, John J. _931274 |
||
| 245 |
_aThe corn root-aphis and methods of controlling it / _c by John J. Davis |
||
| 260 |
_aWashington : _b USDA |
||
| 300 | _a12 p. | ||
| 440 |
_aAphidae; 10 Farmers Bulletin; 891 _9173691 |
||
| 500 | _aEncuadernado con otros impresos similares | ||
| 650 |
_a _x Afididos _x Colecciones de escritos _x Anuraphis maidi _xradicis _x MaĆz _x plagas _9173692 |
||
| 710 |
_aEUA. Department of Agriculture / Farmers Bulletin; 891 _9173693 |
||
| 901 | _aPA-C 595.752 A6 | ||
| 902 | _aA | ||
| 905 | _a0000001917 0000000000 00 | ||
| 910 | _a1917 | ||
| 942 | _cPARA | ||
| 942 |
_cPARA _d1 |
||
| 999 |
_c207189 _d207189 |
||